000 00560nam a2200205Ia 4500
005 20240215112132.0
008 131103s9999 xx 000 0 und d
020 _a8170226619
_cRs.600
040 _aLoreto College
041 _aEnglish
082 _a370.954
_bAGR
100 _aAgrawal,S.P.
245 _aDevelopment of Education in India,
_cS.P.Agrawal
260 _aDelhi
_bConcept Publishing
_c1999
300 _a473 p.
_b illus,tables
504 _aIncludes appendices and index
650 _aEducation - India
850 _aLCLIB
942 _cBK
999 _c10341
_d60820